000 00562nam a2200193Ia 4500
008 240729s9999 xx 000 0 und d
022 _a2148-9580
245 0 _aJournal of Urological Surgery
260 _aTürkiye
260 _bGalenos Yayinevi
650 _a Diseases of the genitourinary system. Urology
650 _a Internal medicine
650 _a Specialties of internal medicine
650 _a Surgery | Medicine
650 _aMedicine
856 _uhttps://doaj.org/toc/b2cdb2007c4e4b368a2c8c862d1c46fa
942 _2ddc
942 _cDOAJEJ
999 _c70465
_d70465
945 _a1
_bMadushi Gamage
_c1
_dMadushi Gamage